A Text Book of Physical Pharmaceutics-II/ (Record no. 207926)

MARC details
000 -LEADER
fixed length control field 00650nam a22001937a 4500
005 - DATE AND TIME OF LATEST TRANSACTION
control field 20241224121932.0
010 ## - LCCN (DPL NO)
LC control number ENG-143145
020 ## - INTERNATIONAL STANDARD BOOK NUMBER
International Standard Book Number 9789391373757
Terms of availability 350.00
035 ## - SYSTEM CONTROL NUMBER
System control number EN-126677
037 ## - SOURCE OF ACQUISITION
Source of stock number/acquisition DBAD
082 ## - DEWEY DECIMAL CLASSIFICATION NUMBER
Classification number 615.19
100 ## - MAIN ENTRY--PERSONAL NAME
Personal name Jha, Anit Kumar
245 ## - TITLE STATEMENT
Title A Text Book of Physical Pharmaceutics-II/
Statement of responsibility, etc By Anit Kumar Jha
260 ## - PUBLICATION, DISTRIBUTION, ETC. (IMPRINT)
Place of publication, distribution, etc Madurai
Name of publisher, distributor, etc Shanlax Publications
Date of publication, distribution, etc 2021
270 ## - ADDRESS
Address 61, T.P.K. Main Road, Vasantha Nagar
City Madurai
Postal code 625003
Electronic mail address shanlax_1990@yahoo.com
300 ## - PHYSICAL DESCRIPTION
Extent 250p.
Dimensions 24cm(pb)
500 ## - GENERAL NOTE
General note As Per PCI Regulations B. Pharm II nd year/ Semester-IV(4th)
942 ## - ADDED ENTRY ELEMENTS (KOHA)
Source of classification or shelving scheme Dewey Decimal Classification
Item type English Books
Classification part 615.19
Call number suffix JHA
Holdings
Withdrawn status Lost status Not for loan Collection code Home library Current library Date acquired Source of acquisition Cost, normal purchase price Full call number Barcode Copy number Cost, replacement price Koha item type
      Non-fiction Central Library Central Library 24/12/2024 Delivery of Books Division 350.00 615.19 JHA EN-126677 1 350.00 English Books

© Delhi Public Library
Hit Counter
free hit counter